00779cam a2200217 a 450000100100000000500170001000800410002702000150006804000230008308200240010610000240013024501650015425000110031926000360033030000250036665000390039170000360043070000320046670000300049870000330052800000187420251020130153.0971105s1998 sp b 001 0 spa  a8489660220 aDO-SdBNPcDLCdDLC a005.43bS782s, 19981 aStallings, William.10aSistemas operativos /cWilliam Stallings ; traducción, Juan Manuel Dodero Beardo, Enrique Torres Franco, Miguel Katrib Mora ; revisión Luis Joyanes Aguilar. a2a ed. aMadrid :bPrentice Hall,c1998. axx, 707 p. ;c25 cm. 0aSistemas operativos (Computadoras)1 aDodero Beardo, Juan Manueletr.1 aTorres Franco, Enriqueetr.1 aKatrib Mora, Miguel.etr.1 aJoyanes Aguilar, Luis.erev.